Hogwarts Mystery - Statistiques

Statistiques générales
  • Ce quiz a été pris 66 fois
  • Le résultat moyen est 10 sur 18
Statistiques - réponses
Hint Réponse % Correct
Gryffondor Bill
86%
Poufsouffle Penny
84%
Gryffondor Charlie
81%
Gryffondor Ben
78%
Serpentard Merula
78%
Gryffondor Fred
70%
Gryffondor George
70%
Poufsouffle Tonks
68%
Serpentard Barnabé
59%
Gryffondor Percy
51%
Serdaigle André
43%
Serdaigle Tulipe
43%
Serdaigle Badeea
41%
Serpentard Ismelda
41%
Gryffondor Jae
41%
Poufsouffle Béatrice
38%
Poufsouffle Diego
32%
Poufsouffle Chiara
30%
Aucun quiz correspondant
Distribution des résultats
% des personnes avec chaque résultat
Percentile par nombre de réponses
Votre historique - résultats
Vous n’avez pas pris ce quiz